000 00966nam a2200289 i 4500
001 184191
003 ES-MaACL
005 20250729081837.0
008 150415s1966 sp f |||| |dspa d
080 _a929 Darwin, Charles Robert
080 _a575.8.01
100 1 _aLeroy, Jean F.
_9156736
245 1 0 _aDarwin /
_cpor Jean F. Leroy ; [traducción de María Isabel Martino y Ángel Ruiz Camps].
246 3 4 _aDarwin y la teoría de la evolución
250 _a1ª ed.
260 _aMadrid :
_bCid,
_c1966.
300 _a247 p., [8] p. de lám. ;
_c16 cm.
490 1 _aSabios del mundo entero ;
_v24
504 _aBibliografía: p. 241-244.
600 1 4 _aDarwin, Charles,
_d1809-1882
_942770
650 7 _aEvolucionismo
_2embne
_912629
700 1 _aMartino, María Isabel.
_978502
700 1 _aRuiz Camps, Angel.
_9100686
830 0 _aSabios del mundo entero ;
_v24
_9192074
852 _aES-MaACL
_jE-15558
999 _c184191
_d184191